000 00770cac a2200265 a 4500
003 Co-PeBPM
005 20250402113928.0
008 231129e1979||||xx |||||||||||||| ||spa||
020 _a8403279957
040 0 _aCo-PeBPM
_bspa
_cCo-PeBPM
_erda
041 _aspa
082 0 4 _a400 A454c
_222
100 1 _aAlonso, Martin
_eAutor
245 1 0 _aCiencia Del Lenguaje Y Arte Del Estilo
_c/ Martín Alonso
260 _aMadrd, España
_b: Editorial Aguilar
_c,1979
300 _a889 Páginas
_c; 17 Centímetros
500 _aIncluye Índice.
504 _aIncluye Bibliografía.
650 1 4 _2LEMB
_aEspañol
650 1 4 _2LEMB
_aRetórica
650 1 4 _2LEMB
_aArte De Escribir
650 1 4 _2LEMB
_aEstilo Literario
650 1 4 _2LEMB
_aLingüística
942 _2ddc
_cBK
999 _c6947
_d6947